Back to basics (Record no. 76515)

MARC details
000 -LEADER
fixed length control field 00697cab a2200181 4500
001 - CONTROL NUMBER
control field ##L132592
008 - FIXED-LENGTH DATA ELEMENTS--GENERAL INFORMATION
fixed length control field 060221n2006 000 0 eng u
035 ## - SYSTEM CONTROL NUMBER
System control number (Sirsi) u132592
041 0# - LANGUAGE CODE
Language code of text/sound track or separate title eng
100 1# - MAIN ENTRY--PERSONAL NAME
Personal name Lawson, David
245 00 - TITLE STATEMENT
Title Back to basics
Remainder of title technology and software
260 ## - PUBLICATION, DISTRIBUTION, ETC.
Date of publication, distribution, etc. 2006
490 #0 - SERIES STATEMENT
Series statement Property Week
Volume/sequential designation 71(7) 17 February 2006, 119(1)
520 ## - SUMMARY, ETC.
Summary, etc. According to reported figures, 78% of homebuyers go online to find a prospective property. Media giants have leapt on the property website boom in order to capitalise from its potential as an advertising medium.
590 ## - LOCAL NOTE (RLIN)
Local note IKA280206
690 ## - LOCAL SUBJECT ADDED ENTRY--TOPICAL TERM (OCLC, RLIN)
Topical term or geographic name as entry element PROPERTY-RESIDENTIAL PROPERTY-RESIDENTIAL PROPERTY MARKET
942 ## - ADDED ENTRY ELEMENTS (KOHA)
Suppress in OPAC 0
Holdings
Withdrawn status Lost status Source of classification or shelving scheme Damaged status Not for loan Home library Current library Shelving location Date acquired Total Checkouts Full call number Barcode Date last seen Copy number Price effective from Koha item type
    Dewey Decimal Classification     London London Journal article 21/02/2006   L132592 132592-1001 06/08/2019 1 06/08/2019 Journal article